Germany tomorrow; (Record no. 553419)
[ view plain ]
| 000 -LEADER | |
|---|---|
| fixed length control field | 00678cam a22001931 4500 |
| 082 ## - DEWEY DECIMAL CLASSIFICATION NUMBER | |
| Classification number | 943 |
| Author Mark | STR |
| 100 1# - MAIN ENTRY--PERSONAL NAME | |
| Personal name | Strasser, Otto, |
| 9 (RLIN) | 50663 |
| 245 10 - TITLE STATEMENT | |
| Title | Germany tomorrow; |
| Statement of responsibility, etc. | translated from the German by Eden & Cedar Paul. |
| 260 ## - PUBLICATION, DISTRIBUTION, ETC. | |
| Place of publication, distribution, etc. | London, |
| Name of publisher, distributor, etc. | J. Cape |
| Date of publication, distribution, etc. | [1940] |
| 300 ## - PHYSICAL DESCRIPTION | |
| Extent | 254 p. |
| Dimensions | 21 cm. |
| 500 ## - GENERAL NOTE | |
| General note | "The bulk of ... [the author's Aufbau des deutschen sozialismus] appears in part three of the present volume." -- p. 11. |
| 526 ## - STUDY PROGRAM INFORMATION NOTE | |
| Program name | 0 |
| Interest level | 0 |
| Reading level | 0 |
| Title point value | 943_000000000000000_STR |
| 650 #0 - SUBJECT ADDED ENTRY--TOPICAL TERM | |
| Topical term or geographic name entry element | MCE |
| 9 (RLIN) | 379 |
| 650 #0 - SUBJECT ADDED ENTRY--TOPICAL TERM | |
| Topical term or geographic name entry element | Socialism |
| Geographic subdivision | Germany. |
| 9 (RLIN) | 50664 |
| 650 #0 - SUBJECT ADDED ENTRY--TOPICAL TERM | |
| Topical term or geographic name entry element | World War, 1939-1945 |
| General subdivision | Peace. |
| 9 (RLIN) | 50053 |
| 700 1# - ADDED ENTRY--PERSONAL NAME | |
| Personal name | Paul, Cedar, |
| 9 (RLIN) | 46305 |
| 700 1# - ADDED ENTRY--PERSONAL NAME | |
| Personal name | Paul, Eden, |
| 9 (RLIN) | 46306 |
| 942 ## - ADDED ENTRY ELEMENTS (KOHA) | |
| Source of classification or shelving scheme | |
| Koha item type | Book |
| Withdrawn status | Lost status | Source of classification or shelving scheme | Damaged status | Not for loan | Permanent Location | Current Location | Shelving location | Date acquired | Total Checkouts | Full call number | Barcode | Date last seen | Price effective from | Koha item type |
|---|---|---|---|---|---|---|---|---|---|---|---|---|---|---|
| Military College of Engineering (MCE) | Military College of Engineering (MCE) | 02/10/2015 | 943 STR | MCE-ECG/15 | 02/10/2015 | 02/10/2015 | Book |
